L'usine et l'homme
Saved in:
| Main Author: | |
|---|---|
| Format: | Book |
| Language: | Undetermined |
| Published: |
[ Paris ]
Plon
1967
|
| Subjects: | |
| Tags: |
Add Tag
No Tags, Be the first to tag this record!
|
| Institutions: | Trung tâm Học liệu Trường Đại học Cần Thơ |
|---|
| LEADER | 00476nam a2200193Ia 4500 | ||
|---|---|---|---|
| 001 | CTU_83500 | ||
| 008 | 210402s9999 xx 000 0 und d | ||
| 082 | |a 331.8 | ||
| 082 | |b D726 | ||
| 100 | |a Douart, Georges | ||
| 245 | 0 | |a L'usine et l'homme | |
| 245 | 0 | |c Georges Douart | |
| 260 | |a [ Paris ] | ||
| 260 | |b Plon | ||
| 260 | |c 1967 | ||
| 650 | |a Labour union | ||
| 650 | |z France | ||
| 904 | |i QHieu(sửa) | ||
| 980 | |a Trung tâm Học liệu Trường Đại học Cần Thơ | ||